Titi Me Pregunto - Bad Bunny - Estadísticas

Estadísticas generales
  • Esta prueba ha sido intentada 875 veces
  • La puntuación promedio es 307 de 464
Estadísticas de respuestas
Respuesta % Correcto
me
99%
PR
99%
ti
99%
Titi
99%
titi
99%
no
98%
NO
98%
novia
98%
pregunto
98%
si
98%
te
98%
tengo
97%
a
96%
A
96%
muchas
96%
un
96%
manana
94%
novias
94%
novias?
94%
otra
94%
una
93%
hoy
89%
la
89%
pero
88%
se
88%
y
87%
las
86%
los
86%
vip
86%
VIP
86%
hay
85%
que
82%
(que
82%
boda
81%
en
80%
mi
80%
voy
80%
VOY
80%
pa'
78%
selfie
78%
ni
77%
todas
77%
say
76%
cheese
75%
yo
75%
YO
75%
llevar
74%
de
73%
ey
73%
saluden
71%
vamos
71%
es
69%
amor
66%
colombiana
66%
Maria
66%
primer
66%
dia
64%
son
64%
llamaba
61%
primera
60%
barcelona
59%
con
59%
mexicana
59%
tirarnos
59%
todos
59%
mucho
58%
avion
57%
dias
57%
gustan
57%
sabia
57%
dominicana
56%
kinder
56%
uva
54%
ven
54%
ya
54%
cabron
53%
sofias
53%
corazon
52%
CORAZON
52%
corazon...
52%
el
52%
EL
52%
escribe
52%
quiere
52%
san
52%
antonio
51%
dice
51%
esta
51%
mias
51%
ta
51%
bicho
50%
bombon
50%
gabrielas
50%
nicoles
50%
sonrian
50%
patricias
49%
Thalia
49%
quisiera
46%
QUISIERA
46%
todavia
45%
puedo...
42%
puedo
42%
puedo... :(
42%
ENAMORARME
41%
enamorarme
41%
meti
41%
tu
41%
olvidaron
39%
vino
39%
muchacho
36%
dejo
34%
mansion
34%
toitas
33%
jueguen
32%
eso
31%
confio
30%
deja
29%
invitacion
28%
TIENE
28%
tiene
28%
les
25%
hace
24%
quieres
24%
quiero
24%
QUIERO
24%
amiga
23%
ELLA
23%
ella
23%
envio
23%
mismo
23%
sorry
23%
case
22%
mudarme
21%
para
21%
RAZON
21%
ROMPERTE
21%
romperte
21%
frio
20%
por
20%
caso
19%
hazle
18%
tantas
18%
vas
18%
asi
17%
ASI
17%
enamores
17%
quieren
17%
soy
17%
uno
17%
mal
16%
nuevo
16%
primogenito
14%
quedarte
14%
to-to-to
14%
aca
13%
baby
13%
credito
13%
SER
13%
inedito
12%
tener
12%
diablo
11%
llevarse
11%
totito
11%
aburri
10%
del
10%
nah
10%
cono
9%
mujer
8%
tienes
7%
ese
6%
seria
6%
tiranos
6%
vivir
6%
buscate
5%
calle
5%
gravy
5%
to-to-to-to-to-to
5%
azaroso
4%
oye
3%
suelta
3%
pampara)
2%
No se encontraron pruebas coincidentes
Distribución de puntuación
Porcentaje de gente con cada puntuación
Porcentaje por número respondido
Historial de tus puntuaciones
No has intentado esta prueba.